| 000 | 00816nam a2200265Ia 4500 | ||
|---|---|---|---|
| 003 | OSt | ||
| 005 | 20220930090905.0 | ||
| 006 | a|||||r|||| 00| 0 | ||
| 007 | ta | ||
| 008 | 220926b |||||||| |||| 00| 0 eng d | ||
| 024 | _a3097 | ||
| 037 | _cTheses | ||
| 040 |
_aCRL _cCRL _beng |
||
| 041 |
_2eng _aeng |
||
| 100 |
_aVishal _9543991 |
||
| 110 |
_aUniversity of Delhi. Faculty of Arts. Department of Music and Fine Arts _9543992 |
||
| 245 | 0 | _aContribution of audio visual recording studio for promoting Indian music | |
| 260 | _c2011 | ||
| 300 |
_a192p. _ap. _ccm. |
||
| 650 |
_aMUSIC _917402 |
||
| 700 |
_a Dhar Sunita Gu. _9543993 |
||
| 700 |
_aUniversity of Delhi. Faculty of Arts. Department of Music and Fine Arts _9543994 |
||
| 942 |
_cDIS _2CC |
||
| 999 |
_c881315 _d881315 |
||